000 00423pab a2200145 454500
008 180718b1998 xxu||||| |||| 00| 0 eng d
100 _aBoschken, Herman L.
245 _aUpper-middle-class influence on developmental policy outcomes: the case of transit infrastructure
260 _c1998
300 _ap.627-47
362 _aApr
650 _aEconomic and social development
773 _aUrban Studies
909 _a37977
999 _c37977
_d37977